00908nam a2200253 i 4500003000900000005001700009007000300026008004100029020001500070040003000085082001400115100001000129245008900139264004700228300004500275336002700320337003300347338002800380590002800408910000700436942001400443952018000457999001700637DO-SdBNP20241009095105.0ta240409s2006 dr 000 p spa d a9993464535 aDO-SdBNPbspacBNPHUerda bL576m222 98519413aMatemática recreativa para vencer el miedo a las matemáticas /cPascual Leocadio aSanto Domingo :bUniversitaria UASD,c2006 a209 páginas :bilustraciones ;c22 cm. 2rdacontentatextobtxt 2rdamediaasin mediaciónbn 2rdacarrieravolumenbnc aInventariado, 2024 / DG aDG 2ddccLBS1 00102ddc51708PDaBNPHUbBNPHUcCTd2024-10-09edonaciónl0oBNPHU PD L576mp2024-5662r2024-10-09w2024-10-09yLBS1zPertenecio a la biblioteca de Ylonka Nacidit Perdomo c57791d57791